KOHA-Header-6

A First Course Business Statistics (Record no. 7329)

000 -LEADER
fixed length control field 00271nam a2200109Ia 4500
100 ## - MAIN ENTRY--AUTHOR NAME
Personal name Mcclave, James
245 #2 - TITLE STATEMENT
Title A First Course Business Statistics
260 ## - PUBLICATION, DISTRIBUTION, ETC. (IMPRINT)
Place of publication America
Name of publisher McGraw-Hill
Year of publication 1995
300 ## - PHYSICAL DESCRIPTION
Number of Pages 764
942 ## - ADDED ENTRY ELEMENTS (KOHA)
Koha item type Books
Holdings
Withdrawn status Lost status Collection code Permanent Location Current Location Shelving location Date acquired Full call number Accession Number Koha item type
    Statistics MAJU MAJU Shelf No.A27 2019-09-12 895 1175 Statistics

Powered by Koha